000 00479nam a2200169Ia 4500
003 Ost
005 20260507075713.0
008 260507s9999||||xx |||||||||||||| ||und||
040 _cfsecg
041 _aara
100 _aجلاطو، جيلالي
_eمؤلف
245 0 _aالاحصاء الوصفي :
_bتطبيقات عملية /
_c جيلالي جلاطو
260 _aعمان:
_bدار المناهج,
_c2003
300 _a صفحة؛
520 _a.
942 _cكتاب
999 _c45904
_d45904